Cardiovascular and Pulmonary Physical Therapy / Evidence and Practice: Fourth Edition (Record no. 5910)
[ view plain ]
| 000 -LEADER | |
|---|---|
| fixed length control field | 01311cam a22002174a 4500 |
| 005 - ΗΜΕΡΟΜΗΝΙΑ ΚΑΙ ΩΡΑ ΤΕΛΕΥΤΑΙΑΣ ΕΝΗΜΕΡΩΣΗΣ | |
| Πεδίο ελέγχου | 20250605164225.0 |
| 008 - FIXED-LENGTH DATA ELEMENTS--GENERAL INFORMATION | |
| Πεδίο ελέγχου σταθερού μήκους | 250528s ||||||||||||||||||||||||d |
| 035 ## - SYSTEM CONTROL NUMBER | |
| System control number | 20828 |
| 020 ## - ISBN | |
| ISBN | 9780323027755 |
| 040 ## - ΠΗΓΗ ΚΑΤΑΛΟΓΟΓΡΑΦΗΣΗΣ | |
| Φορέας πρωτότυπης καταλογογράφησης | MC Athens Campus Library |
| Γλώσσα καταλογογράφησης | Ελληνικά, Μοντέρνα (1453-) |
| Modifying agency | MC Athens Campus Library |
| Κανόνες περιγραφικής καταλογογράφησης | AACR2 |
| 245 1# - ΤΙΤΛΟΣ ΚΑΙ ΔΗΛΩΣΗ ΥΠΕΥΘΥΝΟΤΗΤΑΣ | |
| Τίτλος | Cardiovascular and Pulmonary Physical Therapy / Evidence and Practice: Fourth Edition |
| 250 ## - EDITION STATEMENT | |
| Edition statement | 4th |
| 260 ## - PUBLICATION, DISTRIBUTION, ETC. | |
| Name of publisher, distributor, etc. | Elsevier, |
| Date of publication, distribution, etc. | 2006 |
| 300 ## - PHYSICAL DESCRIPTION | |
| Extent | 850 |
| 520 ## - SUMMARY, ETC. | |
| Summary, etc. | This resource lays a strong foundation for physical therapy practice with solid coverage of anatomy and physiology, assessment, and intervention. Cardiovascular and Pulmonary Function in Health and Disease, Cardiopulmonary Assessment, Cardiovascular and Pulmonary Physical Therapy Interventions, Guidelines for the Delivery of Cardiovascular and Pulmonary Physical Therapy Acute Conditions, Guidelines for the Delivery of Cardiovascular and Pulmonary Physical Therapy Chronic Conditions, Guidelines for the Delivery of Cardiovascular and Pulmonary Physical Therapy Critical Care, Guidelines for the Delivery of Cardiovascular and Pulmonary Physical Therapy Special Cases, Related Aspects of Cardiovascular Physical Therapy, Glossary, Index. |
| 700 1# - ΠΡΟΣΘΕΤΗ ΑΝΑΓΡΑΦΗ--ΦΥΣΙΚΟ ΠΡΟΣΩΠΟ | |
| Personal name | Dean Elizabeth |
| 9 (RLIN) | 6799 |
| 700 1# - ΠΡΟΣΘΕΤΗ ΑΝΑΓΡΑΦΗ--ΦΥΣΙΚΟ ΠΡΟΣΩΠΟ | |
| Personal name | Frownfelter Donna |
| 9 (RLIN) | 6800 |
| 942 ## - ADDED ENTRY ELEMENTS (KOHA) | |
| Koha item type | Books |
| Τύπος τεκμηρίου | Βιβλιοθήκη | Τρέχουσα τοποθεσία | Barcode | Αριθμός εισαγωγής | Ημερομηνία απόκτησης | Ταξιθετικό σύμβολο | Αριθμός αντιτύπου | Κατάσταση απόσυρσης | Κατάσταση χαμένου | Κατάσταση κατεστραμμένου | Μη δανεισμός | Σύνολο δανεισμών | Ημερομηνία τελευταίας εμφάνισης | Η τιμή ισχύει από |
|---|---|---|---|---|---|---|---|---|---|---|---|---|---|---|
| Books | MC Athens Campus Library | MC Athens Campus Library | 9780000059093 | 6402 | 05/06/2025 | 616.1062 FRO | 1 | 05/06/2025 | 05/06/2025 |